|
|
|
|
| LEADER |
00000nam2a2200000 4500 |
| 001 |
236675 |
| 005 |
20231101231505.0 |
| 035 |
|
|
|a (RuTPU)RU\TPU\book\257841
|
| 035 |
|
|
|a RU\TPU\book\257839
|
| 090 |
|
|
|a 236675
|
| 100 |
|
|
|a 20130427d1950 k y0rusy50 ca
|
| 101 |
1 |
|
|a rus
|c eng
|
| 102 |
|
|
|a RU
|
| 105 |
|
|
|a y z 001zy
|
| 200 |
0 |
|
|a Часть 2
|
| 210 |
|
|
|d 1950
|
| 215 |
|
|
|a 343 с.
|
| 320 |
|
|
|a Предметный указатель: с. 338-340.
|
| 461 |
|
1 |
|0 (RuTPU)RU\TPU\book\255494
|t Математический анализ
|o пер. с англ.
|o в 2 ч.
|f Ф. Франклин
|g под ред. С. А. Гальперн
|v Часть 2
|d 1950
|
| 606 |
1 |
|
|a Математический анализ
|2 stltpush
|3 (RuTPU)RU\TPU\subj\41236
|9 61042
|
| 610 |
1 |
|
|a методика
|
| 610 |
1 |
|
|a бесконечные ряды
|
| 610 |
1 |
|
|a бесконечные произведения
|
| 610 |
1 |
|
|a частные производные
|
| 610 |
1 |
|
|a кратные интегралы
|
| 610 |
1 |
|
|a последовательности
|
| 610 |
1 |
|
|a функции комплексного переменного
|
| 610 |
1 |
|
|a ряды Фурье
|
| 610 |
1 |
|
|a интегралы Фурье
|
| 610 |
1 |
|
|a дифференциальные уравнения
|
| 610 |
1 |
|
|a гамма-функция
|
| 610 |
1 |
|
|a определенные интегралы
|
| 610 |
1 |
|
|a упражнения
|
| 675 |
|
|
|a 517
|v 3
|
| 801 |
|
1 |
|a RU
|b 63413507
|c 20130427
|
| 801 |
|
2 |
|a RU
|b 63413507
|c 20131204
|g RCR
|
| 942 |
|
|
|c BK
|